Africa’s slaves today

Saved in:
Bibliographic Details
Main Author: DERRICK, Jonathan
Format: Book
Language:English
Published: Allen and Unwin 1975
Tags: Add Tag
No Tags, Be the first to tag this record!

MARC

LEADER 00000nam a22000007a 4500
008 210609b ||||| |||| 00| 0 eng d
020 |a 0-04-326002-0 
100 |a DERRICK, Jonathan. 
245 |a Africa’s slaves today  |c Jonathan Derrick.   |g 245p. 
260 |b Allen and Unwin  |c 1975  |h London  |i 694422   |l HT1321 .D44  |m Slavery – Africa.  |m Forced labor – Africa. 
500 |a “It includes references and index” 
942 |a lcc  |c BK  |e YUNUSA, A.A.  |f 09/06/2021 
952 |0 0  |1 0  |2 lcc  |4 0  |6 HT1321 D44  |7 0  |9 2547  |a HOL  |b HOL  |c GJ  |d 2021-06-09  |l 0  |o HT1321 .D44  |p 2021-6398  |r 2021-06-09 00:00:00  |w 2021-06-09  |y BK 
999 |c 1328  |d 1328